| 000 | 01424cac a22003131a 4500 | ||
|---|---|---|---|
| 999 |
_c5920 _d5920 |
||
| 003 | EG-ScBUE | ||
| 005 | 20200119131331.0 | ||
| 008 | 120307s1976 ua f 00010 ara d | ||
| 020 | _a9772465361 | ||
| 040 |
_aEG-ScBUE _bara _erda _cEG-ScBUE _dEG-ScBUE |
||
| 082 | 0 | 4 |
_a892.7134 _bم ل ك _222 |
| 100 | 1 |
_aأصمعي، عبد الملك بن قريب، _d122-216 هـ.، _eمؤلف. _929240 |
|
| 245 | 1 | 2 |
_aالأصمعيات / _cاختيار الأصمعي أبي سعيد عبد الملك بن قريب بن عبد الملك 122-216 ؛ تحقيق وشرح أحمد محمد شاكر، عبد السلام هارون. |
| 250 | _aالطبعة الرابعة. | ||
| 264 | 1 |
_aالقاهرة : _bدار المعارف، _c[1976] |
|
| 300 |
_a310 صفحة ؛ _c24 سم. |
||
| 336 |
_2rdacontent _aنص _btxt |
||
| 337 |
_2rdamedia _aبدون وسيط _bn |
||
| 338 |
_2rdacarrier _aمجلد _bnc |
||
| 490 | 0 |
_aديوان العرب. _aمجموعات من عيون الشعر ؛ _v2 |
|
| 500 | _aيشتمل على كشافات. | ||
| 590 | _aمروة أشرف | ||
| 650 | 7 |
_aالشعر العربي _xتاريخ ونقد _yالعصر الأموي. _2BUEsh _916153 |
|
| 653 |
_bARALIT _cJuly2019 |
||
| 655 | _vReading book | ||
| 700 | 1 |
_aشاكر، أحمد محمد، _d1892-1958، _eمحقق. _915348 |
|
| 700 | 1 |
_aهارون، عبد السلام محمد، _eمحقق. _915609 |
|
| 942 |
_cBB _k892.7134 م ل ك _2ddc |
||